Warmińsko-Mazurskie - prawda czy fałsz? - Statystyki

Ogólne statystyki
  • Ten quiz został rozwiązany 127 razy
  • Średni wynik to 11 z 15
Statystyki odpowiedzi
Zagadnienie Odpowiedź % Poprawnych
Stolicą jest Toruń Fałsz
96%
Leża tutaj dwa największe jeziora w Polsce Prawda
91%
Graniczy z Rosją Prawda
89%
Znajduje się tutaj Elbląg Prawda
89%
Miała miejsce tutaj bitwa pod Grunwaldem Prawda
85%
Powiat szczycieński jest największy Fałsz
80%
Wisła przepływa przez województwo Fałsz
78%
Aktualnie jakiś klub z województwa gra w 1 lidze polskiej w piłce nożnej Fałsz
78%
Leży w województwie Malbork Fałsz
74%
Posiada tylko stolicę na prawach powiatu Fałsz
61%
Graniczy z 4 województwami Prawda
59%
Wojewodą jest Radosław Król Prawda
52%
Nie posiada żadnego parku narodowego Prawda
48%
Ma dostęp do Morza Prawda
43%
Posiada najwięcej jezior z województw Fałsz
37%
Nie znaleziono quizów pasujących do podanych kryteriów
Rozkład punktacji
Procent ludzi z każdym wynikiem
Percentyl według liczby udzielonych odpowiedzi
Twoja historia wyników
Nie rozwiązałeś tego quizu